000 00548nam a2200217Ia 4500
003 OSt
005 20220928140653.0
006 a|||||r|||| 00| 0
007 ta
008 220927b |||||||| |||| 00| 0 eng d
024 _a10847
037 _cTextual
040 _aSDCL
_cSDCL
_beng
041 _2eng
_aeng
082 _aX:78, L7
100 _aMegginson Leon C
_9496854
245 0 _aPersonnel and human resources administration
260 _c1977
942 _hX:78, L7
_cTEXL
_2CC
999 _c813310
_d813310